| 000 | 00784nam a22001817a 4500 | ||
|---|---|---|---|
| 003 | JO-AjAnu | ||
| 005 | 20240611101819.0 | ||
| 008 | 240611b jo ||||| |||| 00| 0 ara d | ||
| 020 | _a9789957225857 | ||
| 040 | 0 |
_aJO-AjAnu _bARA _cJO-AjAnu |
|
| 041 | _hara | ||
| 100 |
_aالمنشداوي، خضير عباس _eدراسة وتحقيق _965453 |
||
| 245 | 0 |
_aمعجم الأمراض والمصطلحات الطبية لأبن سينا المتوفى سنة 428هــ/1036م = Lexicography pf the diseasces and medical terms Of Lbn Cena the deceased in 428 A.H. / 1036 A.D / _bخضير عباس المنشداوي |
|
| 260 |
_aعمان: _bدار اسامة للنشر والتوزيع، _c2014 |
||
| 300 | _a424 صفحه | ||
| 650 | _vالأمراض-معاجم | ||
| 942 |
_2lcc _cREF _n0 |
||
| 999 |
_c33531 _d33531 |
||